000 00666nam a2200217 a 4500
005 20210219153537.0
008 991125n 000 0 spa u
035 _aUPN01000105636
100 _aASTIN, Alexander W.
222 _aREVISTA DE LA EDUCACION SUPERIOR
245 _a¿Por qué no intentar otras formas de medir la calidad? / tr. de Carlos Maria de Allende
300 _a120-125
362 _a1991 vol. 20. no. 2(78), abr.-jun.
653 0 _aCALIDAD EDUCATIVA
653 0 _aCRITERIOS DE EVALUACION
653 0 _aEDUCACION SUPERIOR
653 0 _aSOCIEDAD
700 _aALLENDE, Carlos Maria de, tr.
904 _aAC
_b043447
905 _aArticulo
999 _c79576
_d79576